Боевое самбо. Самозащита безоружного против палки, ножа, пистолета

Detalhes bibliográficos
Autor principal: Шабето М. Ф. Михаил Феофанович
Idioma:russo
Publicado em: Минск, Современное слово, 2003
Edição:3-е изд. с изменениями
Colecção:Мастера боевых искусств
Assuntos:
Formato: Livro
KOHA link:https://koha.lib.tpu.ru/cgi-bin/koha/opac-detail.pl?biblionumber=100570

MARC

LEADER 00000nam0a2200000 4500
001 100570
005 20231031112138.0
010 |a 9854433757 
035 |a (RuTPU)RU\TPU\book\108215 
090 |a 100570 
100 |a 20060824d2003 m y0rusy50 ca 
101 0 |a rus 
102 |a BY 
105 |a a z 000zy 
200 1 |a Боевое самбо. Самозащита безоружного против палки, ножа, пистолета  |f М. Ф. Шабето 
205 |a 3-е изд. с изменениями 
210 |a Минск  |c Современное слово  |d 2003 
215 |a 448 с.  |c ил. 
225 1 |a Мастера боевых искусств 
610 1 |a спорт 
610 1 |a спортивная борьба 
610 1 |a боевые искусства 
610 1 |a самбо 
610 1 |a самозащита 
675 |a 796.818  |v 3 
700 1 |a Шабето  |b М. Ф.  |g Михаил Феофанович 
801 1 |a RU  |b 63413507  |c 20060824  |g PSBO 
801 2 |a RU  |b 63413507  |c 20100921  |g PSBO 
900 |a Самбо 
942 |c BK